Analýza dopadu dane z príjmov pri spoločnom podnikaní fyzických osôb v komanditných spoločnostiach

Saved in:
Bibliographic Details
Main Author: Simonidesová, Jana, 1968-
Format: Book Chapter
Language:Slovak
Tags: Add Tag
No Tags, Be the first to tag this record!

MARC

LEADER 00000naa$a2200000$$$4500
001 0177042
005 20240502073022.2
041 0 |a slo 
044 |a SK 
245 1 0 |a Analýza dopadu dane z príjmov pri spoločnom podnikaní fyzických osôb v komanditných spoločnostiach  |c Jana Simonidesová 
100 1 |a Simonidesová, Jana, 1968-